000 01625nam0a22003131 4500
001 v19\rc\1388403
005 20260407070527.0
035 _a(NLR Aleph) 005206152
090 _a5360305
_c5360305
100 _a20060512d1870 |||y0rusy50 ca
101 0 _arus
102 _aRU
105 _ay z |||e|
200 1 _aПисьма Платона, митрополита Московского, к преосвященным Амвросию и Августину
_e(С примеч. С. Смирнова)
210 _aМосква
_cУнив. тип.
_d1870
215 _a136, 15 с.
_d23
309 _aБез тит. л. и обл.
700 0 _7ca
_8rus
_aПлатон
_cЛевшин, Пётр Георгиевич
_cмитрополит Московский и Коломенский
_f1737-1812
_3RU\NLR\AUTH\770159115
_9159074
702 1 _4212
_8rus
_7ca
_aСмирнов
_bС. К.
_cбогослов, историк
_f1818-1889
_gСергей Константинович
_3RU\NLR\AUTH\7760463
_943394
702 0 _4660
_8rus
_7ca
_aАвгустин
_cВиноградский, Алексей Васильевич
_cархиепископ Московский и Коломенский
_f1766-1819
_3RU\NLR\AUTH\7729
_9110150
702 0 _4660
_8rus
_7ca
_aАмвросий
_cПодобедов, Андрей Иванович
_cмитрополит
_f1742-1818
_3RU\NLR\AUTH\7753497
_936429
801 0 _aRU
_bNLR
_c20060512
_gpsbo
801 0 _aRU
_bRuMoRGB
_c20060512
_2psbo
801 1 _aRU
_bProSoft-M
_c20060512
_2rusmarc
801 2 _aRU
_bNLR
_c20070624
_2rusmarc
852 _aNLR
_j18.155.7.60
942 _cBOOK
980 _aNB